<?xml version="1.0" encoding="UTF-8"?>
<record
    xmlns:xsi="http://www.w3.org/2001/XMLSchema-instance"
    xsi:schemaLocation="http://www.loc.gov/MARC21/slim http://www.loc.gov/standards/marcxml/schema/MARC21slim.xsd"
    xmlns="http://www.loc.gov/MARC21/slim">

  <leader>01570nam a2200205   4500</leader>
  <controlfield tag="008">180524s2001    a   |||gr|||| 000 f spa d</controlfield>
  <datafield tag="020" ind1=" " ind2=" ">
    <subfield code="a">9500422026</subfield>
  </datafield>
  <datafield tag="041" ind1=" " ind2=" ">
    <subfield code="a">spa</subfield>
  </datafield>
  <datafield tag="092" ind1=" " ind2=" ">
    <subfield code="c">808</subfield>
    <subfield code="l">25</subfield>
    <subfield code="s">FIT</subfield>
  </datafield>
  <datafield tag="100" ind1="1" ind2=" ">
    <subfield code="a">Fitch, Janet</subfield>
    <subfield code="9">3943</subfield>
  </datafield>
  <datafield tag="245" ind1=" " ind2=" ">
    <subfield code="a">Veneno sutil /</subfield>
    <subfield code="c">Janet Fitch</subfield>
  </datafield>
  <datafield tag="250" ind1=" " ind2=" ">
    <subfield code="a">1a ed.</subfield>
    <subfield code="b">Traducci&#xF3;n C&#xE9;sar Aira.</subfield>
  </datafield>
  <datafield tag="260" ind1=" " ind2=" ">
    <subfield code="a">Buenos Aires:</subfield>
    <subfield code="b">Emec&#xE9;;</subfield>
    <subfield code="c">2001.</subfield>
  </datafield>
  <datafield tag="300" ind1=" " ind2=" ">
    <subfield code="a">384 p.</subfield>
    <subfield code="b">23x15cm</subfield>
  </datafield>
  <datafield tag="500" ind1=" " ind2=" ">
    <subfield code="a">Fitch, J. (2001). Veneno sutil. (1a ed.). Buenos Aires : Emec&#xE9;.</subfield>
  </datafield>
  <datafield tag="505" ind1=" " ind2=" ">
    <subfield code="a">Astrid es la hija &#xFA;nica de una madre soltera, Ingrid, poeta brillante y obsesiva qeu utiliza su belleza para intimidar y manipular a los hombres. Astrid la adora y disfruta enormemente de su mundo privado, lleno de rituales y de misterio. Pero el idilio entre madre e hija termina abruptamente cuando Ingrid se enamora... Astrid desfilar&#xE1; por una serie de hogares adoptivos, intentando encontrar su propio camino en circunstancias imposibles. S&#xF3;lo la determinaci&#xF3;n y el humor le permitir&#xE1;n enfrentar el desaf&#xED;o de la soledad y la pobreza, como una hija sin madre en este mundo indiferente. Dura, divertida y c&#xE1;lida, Astrid es una hero&#xED;na a la vez incre&#xED;ble y consistente. Veneno sutil es una historia inolvidable acerca del poder curativo del arte y de la fuerza imparable del yo emergente. Escrito con exquisita gracia, este libro es el debut impresionante de una autora destinada a unirse al selecto grupo de las mejores novelistas actuales. </subfield>
  </datafield>
  <datafield tag="590" ind1=" " ind2=" ">
    <subfield code="a"> Proyecto 4to LIBRO, donaci&#xF3;n Victoria Lara, mayo 2018.</subfield>
  </datafield>
  <datafield tag="655" ind1=" " ind2=" ">
    <subfield code="a">Literatura</subfield>
    <subfield code="9">2917</subfield>
  </datafield>
  <datafield tag="942" ind1=" " ind2=" ">
    <subfield code="2">ddc</subfield>
    <subfield code="c">LIT</subfield>
  </datafield>
  <datafield tag="999" ind1=" " ind2=" ">
    <subfield code="c">2786</subfield>
    <subfield code="d">2786</subfield>
  </datafield>
  <datafield tag="952" ind1=" " ind2=" ">
    <subfield code="0">0</subfield>
    <subfield code="1">0</subfield>
    <subfield code="2">ddc</subfield>
    <subfield code="4">0</subfield>
    <subfield code="7">0</subfield>
    <subfield code="a">BFM</subfield>
    <subfield code="b">BFM</subfield>
    <subfield code="c">CR</subfield>
    <subfield code="d">2018-05-24</subfield>
    <subfield code="e">Donaci&#xF3;n Victoria Lara, mayo 2018</subfield>
    <subfield code="l">0</subfield>
    <subfield code="o">808 25 FIT</subfield>
    <subfield code="p">4293</subfield>
    <subfield code="r">2018-05-24</subfield>
    <subfield code="t">Ej. 1</subfield>
    <subfield code="w">2018-05-24</subfield>
    <subfield code="y">LIT</subfield>
    <subfield code="z">Proyecto 4to libro. Donaci&#xF3;n Victoria Lara, mayo 2018</subfield>
  </datafield>
</record>
